Spolehlivý nástroj pro nákupčí a dodavatele

Procesné projekty v oblasti nákupu, predovšetkým materiálu a služieb nesú označenie "click2procure - e-Catalogs". Výhody pre kupujúcich. Výhody pre dodávateľov. Služba elektronických aukcií.

Enregistré dans:
Détails bibliographiques
Format: Chapitre de livre
Langue:tchèque
Sujets:
Tags: Ajouter un tag
Pas de tags, Soyez le premier à ajouter un tag!

MARC

LEADER 00000naa a2200000 4500
001 r043735
005 20230522105320.3
041 0 |a cze 
044 |a CZ 
245 1 0 |a Spolehlivý nástroj pro nákupčí a dodavatele 
520 |a Procesné projekty v oblasti nákupu, predovšetkým materiálu a služieb nesú označenie "click2procure - e-Catalogs". Výhody pre kupujúcich. Výhody pre dodávateľov. Služba elektronických aukcií. 
610 2 0 |a nákup 
610 2 0 |a odbyt 
610 2 0 |a dodávatelia 
610 2 0 |a odberatelia 
610 2 0 |a obchod elektronický 
610 2 0 |a Siemens